| 000 | 00636cam a2200241 4500 | ||
|---|---|---|---|
| 008 | 090401t1998 xxu||||| |||| 00| 0 eng d | ||
| 020 | _a0854069070 | ||
| 035 | _a(Sirsi) u86824 | ||
| 041 | _aeng | ||
| 050 | _a692.2 | ||
| 100 | _aAnstey, John | ||
| 245 | _aParty walls and what to do with them. | ||
| 250 | _a5th ed. | ||
| 260 |
_aLondon _bRICS _c1998 |
||
| 300 | _a136p. ; 21cm. | ||
| 350 | _a15 | ||
| 650 | _aPARTY WALL ETC ACT 1996 | ||
| 650 |
_aParty walls _96258 |
||
| 690 | _aBUILT ENVIRONMENT-BUILDING INSPECTION | ||
| 710 |
_aRoyal Institution of Chartered Surveyors. _94900 |
||
| 942 | _n0 | ||
| 948 | _c16/06/1998 | ||
| 999 |
_c97180 _d97180 |
||